00285nam a2200109 a 450000500170000000800410001705000170005810000280007524500290010326000370013244000060016920140414131912.0101013s19uu xx 00 eng d aERbEl1 2005 aLewison, Wendy Cheyette aEleanor's enormous ears. aNew York :bScholastic ,c2005. a